Hospodárskopolitické súvislosti sektora domácností bakalárska práca

Saved in:
Bibliographic Details
Main Author: Maninová, Petra
Corporate Author: Národohospodárska fakulta EU. Katedra hospodárskej politiky
Other Authors: Choluj, Vladimír
Format: Book
Language:Slovak
Published: Bratislava 2017
Tags: Add Tag
No Tags, Be the first to tag this record!

MARC

LEADER 00000nbm a2200000 4500
001 0245795
005 20180917102909.6
041 0 |a slo 
044 |a SK 
245 1 0 |a Hospodárskopolitické súvislosti sektora domácností  |b bakalárska práca  |c Petra Maninová ; školiteľ: Vladimír Choluj 
264 1 |a Bratislava  |c 2017 
300 |a 61 s. 
100 1 |a Maninová, Petra 
700 1 |a Choluj, Vladimír 
710 2 |a Národohospodárska fakulta EU. Katedra hospodárskej politiky